[Event "Oberliga Nord O 1920"]
[Site "Germany"]
[Date "2021.08.15"]
[Round "9.6"]
[White "Schulz, Norbert"]
[Black "Boettcher, Patrick"]
[Result "0-1"]
[WhiteElo "2054"]
[BlackElo "2085"]
[PlyCount "62"]
[EventDate "2019.09.29"]
[EventType "team-tourn"]
[EventRounds "9"]
[EventCountry "GER"]
[SourceTitle "EXT 2023"]
[Source "ChessBase"]
[SourceDate "2022.10.05"]
[SourceVersion "1"]
[SourceVersionDate "2022.10.05"]
[SourceQuality "1"]
[WhiteTeam "Brandenburg"]
[BlackTeam "Spandau Zitadelle"]
[WhiteTeamCountry "GER"]
[BlackTeamCountry "GER"]

1. d4 Nf6 2. c4 g6 3. Nc3 Bg7 4. e4 d6 5. f3 0-0 6. Be3 Nc6 7. Nge2 a6 8. g4 Rb8 9. d5 Ne5 10. Ng3 c5 11. Be2 Qa5 12. g5 Ne8 13. 0-0 Bh3 14. Rf2 b5 15. cxb5 axb5 16. a4 bxa4 17. Rxa4 Qb6 18. Ra2 e6 19. f4 Nd7 20. f5 exf5 21. exf5 Be5 22. fxg6 fxg6 23. Bd3 Nc7 24. Qa4 Bxc3 25. bxc3 Ne5 26. Be4 Ng4 27. Rfb2 Qxb2 28. Rxb2 Rxb2 29. Bc1 Rbf2 30. Qd1 Nb5 31. Qd3 Nxc3 0-1

[Event "Oberliga Nord O 1920"]
[Site "Germany"]
[Date "2019.10.20"]
[Round "2.7"]
[White "Gross, Thorsten"]
[Black "Schulz, Norbert"]
[Result "1-0"]
[WhiteElo "2161"]
[BlackElo "2082"]
[PlyCount "49"]
[EventDate "2019.09.29"]
[EventType "team-tourn"]
[EventRounds "9"]
[EventCountry "GER"]
[SourceTitle "CBM 195 Extra"]
[Source "ChessBase"]
[SourceDate "2020.05.31"]
[SourceVersion "1"]
[SourceVersionDate "2020.05.31"]
[SourceQuality "1"]

1. e4 e5 2. Nf3 Nc6 3. Bb5 d6 4. 0-0 Nf6 5. Re1 Be7 6. c3 0-0 7. d4 exd4 8. cxd4 Bg4 9. Bxc6 bxc6 10. Nc3 Rb8 11. Qd3 Rb6 12. Nd2 Qc8 13. Na4 Rb4 14. b3 Nh5 15. Nf1 Bd7 16. Bd2 Rb8 17. Qc4 c5 18. dxc5 Bb5 19. Qc2 Bxa4 20. bxa4 dxc5 21. Be3 Qg4 22. Rac1 Nf4 23. Ng3 Rfd8 24. f3 Qh4 25. Nf5 1-0